00722nam a22001937a 4500003000900000008004100009040007100050082001800121100002200139245002000161260003500181300002800216440003400244505018200278650001600460650001400476650002000490700001800510AR-CdUCM190325b ||||| |||| 00| 0 spa d aMUNICIPALIDAD PROVINCIAL DEL CUSCOcBIBLIOTECA MUNICIPAL DEL CUSCO a659.1 / bP66 aPlas, Bernard de, aLa publicidad / aBarcelona :bOikos Tau,c1972. a121 páginas ;c18 cm. aColección ¿Qué sé?n70 aContenido : La publicidad -- Relaciones públicas y publicidad colectiva -- Propaganda y publicidad estatal -- Fundamento empírico estatal -- Psicología de la publicidad... aPublicidad  aEmpresas  aComunicaciones  aHenri Verdier